[Event "III Memorial Oliver Gonzalez (Torneo A)"]
[Site "Polideportivo Daoiz y Velarde,"]
[Date "2012.09.04"]
[Round "4"]
[White "Ananian, Arman"]
[Black "Pablos Tenrero, Raquel"]
[Result "1-0"]
[WhiteElo "1866"]
[BlackElo "1965"]
[PlyCount "59"]
[EventDate "2012.09.01"]
[EventRounds "9"]
[EventCountry "ESP"]

1. e4 c6 2. d4 d5 3. exd5 cxd5 4. Bd3 Nc6 5. c3 Qc7 6. Ne2 Bg4 7. f3 Bd7 8. O-O
Nf6 9. Nd2 e5 10. Nb3 Bd6 11. Qc2 exd4 12. Nexd4 Bxh2+ 13. Kh1 O-O-O 14. Nb5
Qb8 15. c4 d4 16. f4 Bg3 17. c5 Be6 18. Bd2 Nh5 19. Na5 Nxa5 20. Bxa5 Bxf4 21.
Nd6+ Kd7 22. Qa4+ Ke7 23. Bxd8+ Rxd8 24. Rf3 Ng3+ 25. Kg1 Bxd6 26. cxd6+ Qxd6
27. Qxa7 Kf8 28. Qa5 g6 29. Rxg3 b6 30. Qg5 1-0

[Event "III Memorial Oliver Gonzalez (Torneo A)"]
[Site "Polideportivo Daoiz y Velarde,"]
[Date "2012.09.04"]
[Round "4"]
[White "Montoya Pecurul, Marc"]
[Black "Dierssen Garcia-Barredo, Guill"]
[Result "1-0"]
[WhiteElo "1925"]
[BlackElo "1862"]
[PlyCount "49"]
[EventDate "2012.09.01"]
[EventRounds "9"]
[EventCountry "ESP"]

1. e4 c5 2. Nf3 g6 3. d4 cxd4 4. Nxd4 Nc6 5. Be3 Nf6 6. Nc3 Bg7 7. Bc4 O-O 8.
Bb3 a5 9. O-O a4 10. Nxa4 Nxe4 11. Nb5 d5 12. f3 d4 13. Nxd4 Nxd4 14. fxe4 Be6
15. Rf2 Nxb3 16. cxb3 Qb8 17. Nc5 Bc8 18. Rd2 Be5 19. h3 Bh2+ 20. Kh1 Bd6 21.
Qf3 f5 22. Bh6 Rf7 23. e5 Bc7 24. Rad1 Be6 25. Nxe6 1-0

[Event "III Memorial Oliver Gonzalez (Torneo A)"]
[Site "Polideportivo Daoiz y Velarde,"]
[Date "2012.09.04"]
[Round "4"]
[White "Angelina Vela, Carlos"]
[Black "Tipter, Napoleon"]
[Result "1/2-1/2"]
[WhiteElo "2013"]
[BlackElo "2002"]
[PlyCount "72"]
[EventDate "2012.09.01"]
[EventRounds "9"]
[EventCountry "ESP"]

1. c4 Nf6 2. Nc3 e6 3. Nf3 c5 4. d4 cxd4 5. Nxd4 a6 6. Nc2 Qc7 7. e4 Nc6 8. Be2
Be7 9. O-O O-O 10. Be3 b6 11. Rc1 Bb7 12. f3 Bc5 13. Kh1 Rad8 14. Bg5 Be7 15.
Qd2 d6 16. Rfd1 Ne5 17. Nd4 Qb8 18. Qe1 Rd7 19. f4 Ng6 20. f5 exf5 21. exf5 Ne5
22. Qg3 Kh8 23. Bxf6 Bxf6 24. Nd5 Bxd5 25. cxd5 Rc7 26. Bxa6 Rxc1 27. Rxc1 Qa8
28. Be2 Qxd5 29. Nb5 Qd2 30. Qe1 Qxe1+ 31. Rxe1 Ra8 32. a3 Rd8 33. Rd1 d5 34.
Kg1 Kg8 35. Kf2 Kf8 36. b3 Be7 1/2-1/2

[Event "III Memorial Oliver Gonzalez (Torneo A)"]
[Site "Polideportivo Daoiz y Velarde,"]
[Date "2012.09.05"]
[Round "5"]
[White "Anton Guijarro, David"]
[Black "Moreno Ruiz, Javier"]
[Result "1-0"]
[WhiteElo "2546"]
[BlackElo "2492"]
[PlyCount "79"]
[EventDate "2012.09.01"]
[EventRounds "9"]
[EventCountry "ESP"]

1. d4 Nf6 2. Nf3 e6 3. c4 Bb4+ 4. Bd2 Qe7 5. g3 Nc6 6. Bg2 Bxd2+ 7. Nbxd2 O-O
8. O-O d6 9. e4 e5 10. d5 Nb8 11. Ne1 a5 12. Nd3 Na6 13. a3 Bg4 14. f3 Bd7 15.
a4 c6 16. Qe2 Rfc8 17. b3 Qd8 18. Kh1 cxd5 19. cxd5 b5 20. f4 exf4 21. gxf4
bxa4 22. bxa4 Nb4 23. Nxb4 axb4 24. e5 Qe7 25. Nc4 dxe5 26. fxe5 Qc5 27. Nd6
Nxd5 28. Nxc8 Rxc8 29. Qf2 Qxf2 30. Rxf2 Ne3 31. a5 Nxg2 32. Kxg2 b3 33. a6 Kf8
34. a7 Ra8 35. Ra5 g6 36. Rf4 Ke7 37. Rb4 Kd8 38. Rxb3 Kc7 39. Kg3 h6 40. Rc5+
1-0

[Event "III Memorial Oliver Gonzalez (Torneo A)"]
[Site "Polideportivo Daoiz y Velarde,"]
[Date "2012.09.05"]
[Round "5"]
[White "Horvath, Adam"]
[Black "Espinosa Aranda, Angel"]
[Result "1/2-1/2"]
[WhiteElo "2495"]
[BlackElo "2422"]
[PlyCount "60"]
[EventDate "2012.09.01"]
[EventRounds "9"]
[EventCountry "ESP"]

1. e4 e6 2. d4 d5 3. Nc3 Nf6 4. Bg5 dxe4 5. Nxe4 Nbd7 6. Nf3 Be7 7. Nxf6+ Bxf6
8. Qd2 Bxg5 9. Nxg5 Nf6 10. Bd3 O-O 11. O-O-O b6 12. g4 Bb7 13. Rhg1 Qd6 14. f3
Rad8 15. h4 c5 16. dxc5 Qxc5 17. Qe2 Rd6 18. Ne4 Nxe4 19. Bxe4 Bxe4 20. Qxe4
Rfd8 21. Rge1 Rxd1+ 22. Rxd1 Rxd1+ 23. Kxd1 h6 24. b4 Qc3 25. Ke2 a5 26. bxa5
bxa5 27. h5 Kf8 28. f4 f6 29. a4 Ke7 30. Qb7+ Kf8 1/2-1/2

[Event "III Memorial Oliver Gonzalez (Torneo A)"]
[Site "Polideportivo Daoiz y Velarde,"]
[Date "2012.09.05"]
[Round "5"]
[White "Ruiz Sanchez, Orlen"]
[Black "Lariño Nieto, David"]
[Result "0-1"]
[WhiteElo "2422"]
[BlackElo "2487"]
[PlyCount "86"]
[EventDate "2012.09.01"]
[EventRounds "9"]
[EventCountry "ESP"]

1. e4 e5 2. Nf3 Nc6 3. Bb5 Nd4 4. Nxd4 exd4 5. O-O c6 6. Ba4 Nf6 7. c3 d3 8.
Qf3 d5 9. e5 Ng4 10. Qxd3 Nxh2 11. Bxc6+ bxc6 12. Kxh2 h5 13. Qe3 g5 14. Rh1 g4
15. Kg1 h4 16. d4 Bf5 17. Qg5 Qxg5 18. Bxg5 h3 19. Nd2 c5 20. Nf1 Rg8 21. Bf4
Be4 22. Ne3 cxd4 23. cxd4 Rb8 24. b3 Ba3 25. gxh3 Bb2 26. Rd1 Bf3 27. Kh2 Rh8
28. Kg3 Bxh1 29. Rxh1 Rxh3+ 30. Rxh3 gxh3 31. Nxd5 Bxd4 32. Kxh3 Rc8 33. Be3
Bxe3 34. Nxe3 Rc1 35. Kg4 Ra1 36. f4 Rxa2 37. Kf5 Ra3 38. Nc4 Rxb3 39. Kf6 Rb4
40. Nd6+ Kf8 41. f5 Rb6 42. Kg5 a5 43. Nc4 Ra6 0-1

[Event "III Memorial Oliver Gonzalez (Torneo A)"]
[Site "Polideportivo Daoiz y Velarde,"]
[Date "2012.09.05"]
[Round "5"]
[White "Forcen Esteban, Daniel"]
[Black "Perez Gonzalez, Jose Manuel"]
[Result "1/2-1/2"]
[WhiteElo "2469"]
[BlackElo "2333"]
[PlyCount "83"]
[EventDate "2012.09.01"]
[EventRounds "9"]
[EventCountry "ESP"]

1. e4 c5 2. Nf3 g6 3. d4 cxd4 4. c3 Bg7 5. cxd4 d5 6. e5 Nc6 7. h3 Nh6 8. Nc3
O-O 9. Bf4 f6 10. exf6 exf6 11. Be2 Be6 12. O-O Nf5 13. Rc1 g5 14. Bh2 h5 15.
Nd2 Nfxd4 16. Bxh5 f5 17. Re1 Qf6 18. Bd6 Rfd8 19. Ba3 Rac8 20. Nf3 Nxf3+ 21.
Bxf3 d4 22. Nb5 Bf8 23. Bxf8 Kxf8 24. Qd3 Ne5 25. Qa3+ Kg8 26. Bxb7 Rxc1 27.
Rxc1 d3 28. Qc3 Bxa2 29. Rd1 Kg7 30. Rd2 Bc4 31. Na3 Bf7 32. Nb5 Bc4 33. Na3
Bf7 34. Kh1 Nc4 35. Rxd3 Rxd3 36. Qxd3 Qxb2 37. Nxc4 Qc1+ 38. Kh2 Qxc4 39. Qd7
Qf4+ 40. Kg1 Qc1+ 41. Kh2 Qf4+ 42. Kg1 1/2-1/2

[Event "III Memorial Oliver Gonzalez (Torneo A)"]
[Site "Polideportivo Daoiz y Velarde,"]
[Date "2012.09.05"]
[Round "5"]
[White "Arribas Lopez, Angel"]
[Black "Silva Rodriguez, Julio"]
[Result "1-0"]
[WhiteElo "2467"]
[BlackElo "2102"]
[PlyCount "105"]
[EventDate "2012.09.01"]
[EventRounds "9"]
[EventCountry "ESP"]

1. Nf3 d5 2. e3 Nf6 3. c4 e6 4. Nc3 Be7 5. b3 O-O 6. Bb2 c5 7. cxd5 exd5 8. d4
Nc6 9. Be2 Bg4 10. dxc5 Bxc5 11. O-O Re8 12. Rc1 Be7 13. Nd4 Bxe2 14. Ncxe2 Qd7
15. Ng3 Rac8 16. Ndf5 Bd8 17. Rc2 g6 18. Nd4 Ne5 19. Rxc8 Qxc8 20. Nf3 Nxf3+
21. gxf3 h5 22. Bxf6 Bxf6 23. Qxd5 Qh3 24. Rc1 Re7 25. Qc4 Rd7 26. Qf4 Kg7 27.
Ne4 Be7 28. Qe5+ f6 29. Qg3 Qe6 30. h4 Qb6 31. Kg2 f5 32. Qe5+ Bf6 33. Nxf6
Qxf6 34. f4 Re7 35. Qxf6+ Kxf6 36. Kf3 Rd7 37. Ke2 Ke6 38. f3 Rf7 39. Rc4 Kd5
40. e4+ Ke6 41. Ke3 Rd7 42. Ra4 a6 43. Rb4 b5 44. a4 Rd1 45. axb5 axb5 46. Rxb5
Rh1 47. Rb6+ Kf7 48. Rb7+ Kf6 49. e5+ Ke6 50. Rg7 Rxh4 51. Rxg6+ Kd5 52. Rd6+
Kc5 53. Rd1 1-0

[Event "III Memorial Oliver Gonzalez (Torneo A)"]
[Site "Polideportivo Daoiz y Velarde,"]
[Date "2012.09.05"]
[Round "5"]
[White "Valles Moreno, Ivan"]
[Black "Almagro Llamas, Pablo"]
[Result "0-1"]
[WhiteElo "2385"]
[BlackElo "2455"]
[PlyCount "98"]
[EventDate "2012.09.01"]
[EventRounds "9"]
[EventCountry "ESP"]

1. e4 c6 2. d4 d5 3. e5 Bf5 4. Nf3 e6 5. Be2 Ne7 6. Nbd2 h6 7. O-O Nd7 8. Nb3
Bh7 9. Bd2 Nf5 10. c4 dxc4 11. Na5 Qb8 12. Nxc4 Nb6 13. b3 h5 14. Ba5 Nd5 15.
Ng5 Bg6 16. Rc1 b6 17. Be1 Qd8 18. Ne4 Rc8 19. Bf3 Be7 20. a3 b5 21. Na5 Bxa3
22. Nb7 Qb6 23. Ra1 Bb2 24. Nbd6+ Nxd6 25. Nxd6+ Kd7 26. Bxd5 cxd5 27. Ra2 Rc2
28. Nxf7 Rf8 29. Nd6 Qxd4 30. Qxd4 Bxd4 31. Rxc2 Bxc2 32. Nxb5 Bxe5 33. Bc3
Bxc3 34. Nxc3 Rc8 35. Nb5 a6 36. Nd4 Bd3 37. Re1 e5 38. Nf3 e4 39. Ne5+ Kd6 40.
f4 Bc2 41. b4 d4 42. Kf2 Kd5 43. Ra1 e3+ 44. Kf3 Be4+ 45. Kg3 d3 46. Rxa6 d2
47. Nf7 e2 48. Rd6+ Kc4 49. Ne5+ Kc3 0-1

[Event "III Memorial Oliver Gonzalez (Torneo A)"]
[Site "Polideportivo Daoiz y Velarde,"]
[Date "2012.09.05"]
[Round "5"]
[White "Elissalt Cardenas, Hector"]
[Black "Barria Zuñiga, Daniel"]
[Result "1/2-1/2"]
[WhiteElo "2353"]
[BlackElo "2432"]
[PlyCount "60"]
[EventDate "2012.09.01"]
[EventRounds "9"]
[EventCountry "ESP"]

1. c4 e6 2. Nc3 c5 3. Nf3 Nf6 4. g3 b6 5. Bg2 Bb7 6. O-O Be7 7. Re1 Ne4 8. Qc2
Nxc3 9. dxc3 d6 10. Bf4 Nc6 11. Rad1 Qc7 12. Bg5 Rd8 13. Bxe7 Qxe7 14. e4 O-O
15. Nd2 a6 16. a4 Na7 17. Nf1 b5 18. axb5 axb5 19. Ne3 bxc4 20. Nxc4 Qc7 21.
Qa4 Nc6 22. f4 Ne7 23. Qa7 Nc8 24. Qa5 Qxa5 25. Nxa5 Ba8 26. Rd2 f6 27. Red1
Kf7 28. Nc4 Ke7 29. f5 e5 30. Kf2 Rd7 1/2-1/2

[Event "III Memorial Oliver Gonzalez (Torneo A)"]
[Site "Polideportivo Daoiz y Velarde,"]
[Date "2012.09.05"]
[Round "5"]
[White "Gallardo Garcia, Andres"]
[Black "Rubio Mejia, Luis Ignacio"]
[Result "1/2-1/2"]
[WhiteElo "2339"]
[BlackElo "2430"]
[PlyCount "54"]
[EventDate "2012.09.01"]
[EventRounds "9"]
[EventCountry "ESP"]

1. e4 c5 2. Nf3 d6 3. d4 cxd4 4. Nxd4 Nf6 5. Nc3 a6 6. h3 e6 7. g4 h6 8. Bg2 g5
9. Be3 Nbd7 10. Qe2 Ne5 11. f4 gxf4 12. Bxf4 Bd7 13. Rf1 Be7 14. O-O-O Qc7 15.
Nf3 O-O-O 16. Nxe5 dxe5 17. Bg3 Be8 18. Rxd8+ Bxd8 19. Rd1 Nd7 20. Bf1 Nb6 21.
h4 Be7 22. Qh2 f6 23. Qf2 Rg8 24. Qe3 Bf8 25. Qf3 Be7 26. Qe3 Bf8 27. Qf3 Be7
1/2-1/2

[Event "III Memorial Oliver Gonzalez (Torneo A)"]
[Site "Polideportivo Daoiz y Velarde,"]
[Date "2012.09.05"]
[Round "5"]
[White "Ortega Ruiz, Jose M"]
[Black "Fedorchuk, Sergey A"]
[Result "0-1"]
[WhiteElo "2300"]
[BlackElo "2646"]
[PlyCount "68"]
[EventDate "2012.09.01"]
[EventRounds "9"]
[EventCountry "ESP"]

1. d4 Nf6 2. c4 e6 3. Nf3 Bb4+ 4. Nbd2 O-O 5. g3 d5 6. Bg2 dxc4 7. O-O b5 8. a4
c6 9. Ne5 Nd5 10. axb5 cxb5 11. e4 Nb6 12. d5 f6 13. Ng4 e5 14. Ne3 a5 15. b3
c3 16. Nb1 Bc5 17. Nxc3 Bd4 18. Bd2 b4 19. Ne2 Bxa1 20. Qxa1 Ba6 21. Re1 N8d7
22. Nc1 Bb5 23. Nf5 Qc7 24. Be3 g6 25. d6 Qc3 26. Ne7+ Kf7 27. Qxc3 bxc3 28.
Na2 c2 29. g4 a4 30. bxa4 Bxa4 31. Nc3 Bb3 32. Nb5 Bc4 33. Nc7 Ra3 34. Rc1 Rd3
0-1

[Event "III Memorial Oliver Gonzalez (Torneo A)"]
[Site "Polideportivo Daoiz y Velarde,"]
[Date "2012.09.05"]
[Round "5"]
[White "Martin Rueda, Daniel"]
[Black "Komljenovic, Davorin"]
[Result "0-1"]
[WhiteElo "2297"]
[BlackElo "2446"]
[PlyCount "76"]
[EventDate "2012.09.01"]
[EventRounds "9"]
[EventCountry "ESP"]

1. e4 g6 2. d4 Bg7 3. Nc3 d6 4. Be3 c6 5. Qd2 b5 6. h4 h6 7. h5 g5 8. a4 b4 9.
Nce2 a5 10. Ng3 e6 11. Bd3 Ne7 12. Nh3 c5 13. dxc5 Bxb2 14. Bd4 Bxd4 15. Bb5+
Nec6 16. Qxd4 O-O 17. Qxd6 Qf6 18. e5 Qxe5+ 19. Qxe5 Nxe5 20. O-O Bb7 21. c3 b3
22. Rab1 Ned7 23. Rxb3 Nxc5 24. Ra3 Nbd7 25. f4 g4 26. Nf2 Nf6 27. c4 Rfd8 28.
Re3 Rd2 29. f5 Rad8 30. fxe6 Nxe6 31. Nfe4 Nxe4 32. Nxe4 Rc2 33. Rg3 Bxe4 34.
Rxg4+ Ng5 35. Rf6 Kg7 36. Ra6 f5 37. Rg3 f4 38. Rg4 f3 0-1

[Event "III Memorial Oliver Gonzalez (Torneo A)"]
[Site "Polideportivo Daoiz y Velarde,"]
[Date "2012.09.05"]
[Round "5"]
[White "Ballesteros Gonzalez, David"]
[Black "Gomez Ledo, Roberto Carlos"]
[Result "1/2-1/2"]
[WhiteElo "2227"]
[BlackElo "2431"]
[PlyCount "78"]
[EventDate "2012.09.01"]
[EventRounds "9"]
[EventCountry "ESP"]

1. d4 d6 2. c4 e5 3. dxe5 dxe5 4. Qxd8+ Kxd8 5. Nf3 f6 6. Nc3 Be6 7. e3 c6 8.
a3 a5 9. Be2 Nd7 10. Na4 Nh6 11. O-O Kc7 12. Bd2 Be7 13. Rfc1 Nf7 14. Be1 b6
15. Nd2 Ra7 16. Nc3 Kb8 17. Rab1 a4 18. Na2 Nc5 19. Nb4 Rc8 20. Nd3 Bf5 21. Rc3
Rd8 22. Nb4 Rxd2 23. Bxd2 Bxb1 24. Nxc6+ Ka8 25. Nxa7 Kxa7 26. Rc1 Bf5 27. Bb4
e4 28. Rd1 Kb8 29. f4 Kc7 30. g4 Bd7 31. h3 Nd8 32. Rd4 Bc6 33. Kf2 Bb7 34. Rd1
Nc6 35. Bc3 Kc8 36. h4 Ne6 37. g5 f5 38. Bf1 Bc5 39. Be2 Na5 1/2-1/2

[Event "III Memorial Oliver Gonzalez (Torneo A)"]
[Site "Polideportivo Daoiz y Velarde,"]
[Date "2012.09.05"]
[Round "5"]
[White "Meszaros, Tamas"]
[Black "Jimenez Martinez, Jose Vicente"]
[Result "1-0"]
[WhiteElo "2428"]
[BlackElo "2277"]
[PlyCount "81"]
[EventDate "2012.09.01"]
[EventRounds "9"]
[EventCountry "ESP"]

1. e4 g6 2. d4 Bg7 3. Nc3 d6 4. Be3 a6 5. f4 b5 6. Bd3 Bb7 7. Nf3 Nd7 8. e5 e6
9. a4 b4 10. Ne4 Ne7 11. a5 O-O 12. Qd2 Nd5 13. Bf2 f5 14. Neg5 Re8 15. h4 h6
16. Nh3 c5 {(=)} 17. c4 bxc3 18. bxc3 cxd4 19. cxd4 dxe5 20. fxe5 Rc8 21. O-O
Nb8 22. Nf4 Nxf4 23. Qxf4 Nc6 24. Rfb1 Nxa5 25. Be1 g5 26. hxg5 hxg5 27. Qe3
Nc4 28. Bxc4 Bxf3 29. Bxa6 Be4 30. Bxc8 Bxb1 31. Bxe6+ Rxe6 32. Rxb1 Qd5 33.
Bf2 Bh6 34. Qh3 Qe4 35. Rb8+ Kg7 36. Qb3 Qc6 37. d5 Qc1+ 38. Kh2 Rxe5 39. d6
Qd2 40. Rb7+ Kh8 41. Qf7 1-0

[Event "III Memorial Oliver Gonzalez (Torneo A)"]
[Site "Polideportivo Daoiz y Velarde,"]
[Date "2012.09.05"]
[Round "5"]
[White "Aranaz Murillo, Amalia"]
[Black "Pogorelov, Ruslan"]
[Result "1/2-1/2"]
[WhiteElo "2213"]
[BlackElo "2422"]
[PlyCount "113"]
[EventDate "2012.09.01"]
[EventRounds "9"]
[EventCountry "ESP"]

1. Nf3 b5 2. g3 Bb7 3. Bg2 Nf6 4. b3 e6 5. c4 a6 6. O-O Be7 7. Nc3 b4 8. Na4 d6
9. d4 O-O 10. Bb2 Nbd7 11. Rc1 Rb8 12. c5 dxc5 13. Nxc5 Nxc5 14. dxc5 Qe8 15.
Qc2 Bxf3 16. Bxf3 Qb5 17. Qc4 Qxc4 18. Rxc4 Nd7 19. Rd1 Rfd8 20. c6 Nb6 21.
Rxd8+ Rxd8 22. Rd4 Rb8 23. Bc1 f6 24. Rd1 Bc5 25. Bf4 e5 26. Rc1 Bd4 27. Bd2
Nc8 28. e3 Ba7 29. Rd1 a5 30. Be1 Nd6 31. a3 bxa3 32. Bxa5 Nb5 33. Be2 Kf7 34.
b4 Nc3 35. Bc4+ Kg6 36. Ra1 a2 37. Bxa2 Nxa2 38. Rxa2 Bb6 39. b5 Bxa5 40. Rxa5
Rd8 41. Ra7 Rd5 42. Rb7 h5 43. h4 f5 44. Rb8 Rc5 45. Kf1 Kf6 46. Rb7 e4 47. Ke2
g6 48. Kd2 Ke6 49. Rxc7 Rxb5 50. Rg7 Kf6 51. Rb7 Rd5+ 52. Ke2 Rc5 53. c7 Ke6
54. Rb6+ Kf7 55. Rb7 Ke6 56. Rb6+ Kf7 57. Rb7 1/2-1/2

[Event "III Memorial Oliver Gonzalez (Torneo A)"]
[Site "Polideportivo Daoiz y Velarde,"]
[Date "2012.09.05"]
[Round "5"]
[White "Barez Menendez, Hector"]
[Black "Moreno Tejera, Emilio"]
[Result "0-1"]
[WhiteElo "2167"]
[BlackElo "2358"]
[PlyCount "78"]
[EventDate "2012.09.01"]
[EventRounds "9"]
[EventCountry "ESP"]

1. d4 f5 2. Nf3 Nf6 3. g3 g6 4. Bg2 Bg7 5. O-O O-O 6. c4 d6 7. Nc3 Nc6 8. d5
Na5 9. Nd2 c5 10. Rb1 Bd7 11. b3 a6 12. Bb2 b5 13. Qc2 Rb8 14. Nd1 e5 15. f4
exf4 16. gxf4 Qe7 17. e3 Rbe8 18. h3 b4 19. Re1 Nb7 20. Nf2 a5 21. a3 h6 22.
Nd3 Ne4 23. Nxe4 fxe4 24. Nf2 Bf5 25. Bxg7 Qxg7 26. Ra1 Kh8 27. Nh1 g5 28. Ng3
Bxh3 29. Nh5 Qg6 30. Bxh3 Qxh5 31. Bd7 gxf4 32. Bxe8 Rg8+ 33. Kf1 Qh3+ 34. Ke2
Qf3+ 35. Kd2 Rg2+ 36. Kc1 Rxc2+ 37. Kxc2 Qf2+ 38. Kd1 fxe3 39. Bc6 Qd2# 0-1

[Event "III Memorial Oliver Gonzalez (Torneo A)"]
[Site "Polideportivo Daoiz y Velarde,"]
[Date "2012.09.05"]
[Round "5"]
[White "Aranda Marin, Cristian"]
[Black "Rodriguez Melendez, Juan Humbe"]
[Result "0-1"]
[WhiteElo "2328"]
[BlackElo "2080"]
[PlyCount "40"]
[EventDate "2012.09.01"]
[EventRounds "9"]
[EventCountry "ESP"]

1. d4 Nf6 2. c4 g6 3. Nc3 Bg7 4. e4 d6 5. f4 O-O 6. Nf3 c5 7. d5 e6 8. dxe6
fxe6 9. Bd3 Nc6 10. O-O a6 11. Kh1 Nd4 12. Ng5 h6 13. e5 dxe5 14. fxe5 Nd7 15.
Rxf8+ Qxf8 16. Nh3 Nxe5 17. Be4 Bd7 18. Nf4 Qf7 19. b3 g5 20. Nh5 Ng4 0-1

[Event "III Memorial Oliver Gonzalez (Torneo A)"]
[Site "Polideportivo Daoiz y Velarde,"]
[Date "2012.09.05"]
[Round "5"]
[White "Madurga Lopez, Ignacio"]
[Black "Chueca Forcen, Alberto"]
[Result "0-1"]
[WhiteElo "2052"]
[BlackElo "2313"]
[PlyCount "85"]
[EventDate "2012.09.01"]
[EventRounds "9"]
[EventCountry "ESP"]

1. e4 Nf6 2. e5 Nd5 3. c4 Nb6 4. d4 d6 5. exd6 exd6 6. Nc3 Be7 7. Bd3 Nc6 8.
Nge2 Bg4 9. f3 Bh5 10. O-O O-O 11. Ng3 Bg6 12. Bxg6 hxg6 13. b3 d5 14. c5 Nc8
15. b4 Bf6 16. Nge2 N8e7 17. Be3 Qd7 18. Bf2 Rfe8 19. Qb3 Nf5 20. Rfd1 Ne3 21.
Rd3 Nf5 22. Rad1 Nce7 23. g4 Nh4 24. h3 g5 25. Bxh4 gxh4 26. Nf4 c6 27. Nh5 Bg5
28. f4 g6 29. fxg5 gxh5 30. gxh5 Qf5 31. R1d2 Kh8 32. Qd1 Rg8 33. Qf3 Qxg5+ 34.
Rg2 Qc1+ 35. Rd1 Rxg2+ 36. Kxg2 Rg8+ 37. Kh1 Qg5 38. Ne2 Qf5 39. Rf1 Rg5 40.
Qxf5 Nxf5 41. Rg1 f6 42. Rg4 Kh7 43. Rxh4 0-1

[Event "III Memorial Oliver Gonzalez (Torneo A)"]
[Site "Polideportivo Daoiz y Velarde,"]
[Date "2012.09.05"]
[Round "5"]
[White "Collado Barbas, Laura"]
[Black "Roa Alonso, Santiago"]
[Result "1-0"]
[WhiteElo "2149"]
[BlackElo "2426"]
[PlyCount "90"]
[EventDate "2012.09.01"]
[EventRounds "9"]
[EventCountry "ESP"]

1. d4 Nf6 2. c4 e6 3. Nc3 c5 4. d5 d6 5. e4 exd5 6. cxd5 a6 7. a4 g6 8. h3 Bg7
9. Bd3 O-O 10. Nf3 Nbd7 11. O-O Nh5 12. Re1 h6 13. Be3 Re8 14. Qd2 Kh7 15. Nh2
Ne5 16. Be2 Nf6 17. f4 Ned7 18. Bd3 Qa5 19. Nf3 Qb4 20. Qc2 Qa5 21. Bd2 Qc7 22.
b3 b6 23. Re2 Bb7 24. Rae1 Re7 25. Bc4 Rae8 26. Qd3 Nh5 27. Kh2 Qb8 28. g4 Nhf6
29. Nd1 Qa8 30. Bc3 h5 31. g5 Ng8 32. Bxg7 Kxg7 33. Nc3 Kh8 34. Kg1 Qc8 35. Kg2
Qa8 36. e5 dxe5 37. fxe5 Qd8 38. Kh2 Qb8 39. d6 Bxf3 40. dxe7 Bxe2 41. Qxd7
Rxe7 42. Qd6 Qe8 43. Rxe2 Rd7 44. Qxb6 Rd2 45. Qxc5 Rxe2+ 1-0

[Event "III Memorial Oliver Gonzalez (Torneo A)"]
[Site "Polideportivo Daoiz y Velarde,"]
[Date "2012.09.05"]
[Round "5"]
[White "Hernando Pertierra, Jose C"]
[Black "Vazquez Quiroga, Manuel"]
[Result "1-0"]
[WhiteElo "2376"]
[BlackElo "2163"]
[PlyCount "91"]
[EventDate "2012.09.01"]
[EventRounds "9"]
[EventCountry "ESP"]

1. Nf3 f5 2. d4 Nf6 3. g3 c6 4. Bg2 d6 5. c3 Qc7 6. Nbd2 Nbd7 7. Ng5 Nb6 8. e4
h6 9. Nh3 g5 10. Qc2 Bd7 11. f3 fxe4 12. fxe4 e5 13. Nf2 Be6 14. a4 Nbd7 15. b3
Bg7 16. Bb2 Ng4 17. Nxg4 Bxg4 18. O-O Bh5 19. Nc4 O-O-O 20. Ne3 Bg6 21. Nf5
Bxf5 22. Rxf5 Rhf8 23. Bh3 Kb8 24. Raf1 Rxf5 25. Rxf5 exd4 26. cxd4 c5 27. e5
dxe5 28. Rf7 Bh8 29. Qh7 cxd4 30. Rxd7 Rxd7 31. Qxd7 Qxd7 32. Bxd7 Kc7 33. Bf5
Bf6 34. Kf2 Kd6 35. Be4 b5 36. Ba3+ Kc7 37. Bc5 bxa4 38. bxa4 a6 39. g4 Kd7 40.
Bf8 Ke8 41. Bxh6 a5 42. Ke2 Kf7 43. Kd3 Be7 44. h4 gxh4 45. g5 Bf8 46. g6+ 1-0

[Event "III Memorial Oliver Gonzalez (Torneo A)"]
[Site "Polideportivo Daoiz y Velarde,"]
[Date "2012.09.05"]
[Round "5"]
[White "Renteria, Jorge"]
[Black "Gonzalez Mateos, Rafael"]
[Result "1-0"]
[WhiteElo "2310"]
[BlackElo "2161"]
[PlyCount "147"]
[EventDate "2012.09.01"]
[EventRounds "9"]
[EventCountry "ESP"]

1. e4 e6 2. d4 d5 3. Nc3 Bb4 4. e5 Ne7 5. a3 Bxc3+ 6. bxc3 c5 7. Qg4 O-O 8. Bd3
c4 9. Bh6 Ng6 10. Bxg6 fxg6 11. Bd2 Qe8 12. Nh3 Qf7 13. a4 Qf5 14. Qxf5 gxf5
15. a5 Nc6 16. Nf4 Bd7 17. h4 b5 18. axb6 axb6 19. Ke2 b5 20. h5 Ra4 21. h6 g6
22. Rxa4 bxa4 23. Bc1 Kf7 24. Ba3 Ra8 25. Nh3 Na7 26. Ng5+ Kg8 27. Kd2 Nb5 28.
Bb4 Rb8 29. Ra1 Ra8 30. f4 Ra6 31. Kc1 Ra8 32. Kb2 Ra6 33. Ka2 Rb6 34. Nf3 Rb7
35. Rg1 Be8 36. Ng5 Bd7 37. Rd1 Rb8 38. Rd2 Rb7 39. g3 Rb8 40. Nf3 Rb7 41. Rg2
Bc8 42. Rg1 Ra7 43. Kb2 Rb7 44. Ra1 Ra7 45. Ng5 Bd7 46. Kc1 Ra8 47. Kd2 Ra6 48.
Nh3 Ra8 49. Nf2 Kf7 50. Bc5 Ra6 51. Rb1 Ra8 52. Nh3 Rb8 53. Rb4 a3 54. Rb1 Kg8
55. Bxa3 Ra8 56. Bc5 Ra5 57. Ng5 Ra6 58. Rg1 Nc7 59. g4 fxg4 60. Rxg4 Ra2 61.
Bd6 Nb5 62. Rg1 Ra6 63. Rb1 Ra8 64. Bc5 Ra6 65. Nf3 Kf7 66. Nh2 Bc6 67. Ng4 g5
68. fxg5 Kg6 69. Nf6 Ra8 70. Rh1 Nc7 71. Be7 Rh8 72. Nh5 Kf7 73. Bf6 Rg8 74.
Nf4 1-0

[Event "III Memorial Oliver Gonzalez (Torneo A)"]
[Site "Polideportivo Daoiz y Velarde,"]
[Date "2012.09.05"]
[Round "5"]
[White "Adan Bermudez, Sergio"]
[Black "Vazquez Torres, Adrian"]
[Result "0-1"]
[WhiteElo "2308"]
[BlackElo "2149"]
[PlyCount "72"]
[EventDate "2012.09.01"]
[EventRounds "9"]
[EventCountry "ESP"]

1. c4 Nf6 2. Nc3 e5 3. g3 d5 4. cxd5 Nxd5 5. Bg2 Nb6 6. Nf3 Nc6 7. a3 a5 8. d3
Be7 9. Be3 O-O 10. O-O Be6 11. Ne4 a4 12. Nc5 Bc8 13. Rc1 f5 14. Qd2 Qe8 15. d4
e4 16. Ng5 Nd5 17. Nge6 Bxc5 18. Nxf8 Bxf8 19. f3 Na5 20. fxe4 Nb3 21. Qd3 Nxe3
22. Qxe3 Nxc1 23. Rxc1 c6 24. Qd3 fxe4 25. Bxe4 g6 26. d5 Bd7 27. Qf3 Rc8 28.
Rf1 Bg7 29. h4 Kh8 30. h5 cxd5 31. Bxd5 Bc6 32. e4 Bxd5 33. exd5 Qe5 34. hxg6
Rf8 35. Qxf8+ Bxf8 36. Rxf8+ Kg7 0-1

[Event "III Memorial Oliver Gonzalez (Torneo A)"]
[Site "Polideportivo Daoiz y Velarde,"]
[Date "2012.09.05"]
[Round "5"]
[White "Solaesa Navalpotro, Luis Julio"]
[Black "Pascual Palomo, Lucia"]
[Result "1-0"]
[WhiteElo "2235"]
[BlackElo "2120"]
[PlyCount "125"]
[EventDate "2012.09.01"]
[EventRounds "9"]
[EventCountry "ESP"]

1. d4 e6 2. Nf3 Nf6 3. c4 Bb4+ 4. Nbd2 b6 5. a3 Be7 6. e4 d5 7. cxd5 exd5 8. e5
Ne4 9. Bd3 Nxd2 10. Bxd2 O-O 11. Rc1 c5 12. O-O Ba6 13. Bxa6 Nxa6 14. Qa4 Nc7
15. dxc5 Bxc5 16. b4 b5 17. Qb3 Bb6 18. Bg5 Qd7 19. Rfd1 Rfe8 20. Be3 Bxe3 21.
fxe3 Qe7 22. Qc3 Rac8 23. Qc5 a6 24. Qxe7 Rxe7 25. Rxd5 Ra8 26. Rdc5 Ne6 27.
Rc8+ Re8 28. Rxe8+ Rxe8 29. Rc6 Ra8 30. Nd4 Ng5 31. Kf2 h6 32. e6 fxe6 33. Nxe6
Nxe6 34. Rxe6 Kf7 35. Rb6 Ra7 36. e4 Ke7 37. Ke3 Kd7 38. Rg6 Ke8 39. Rb6 Kd7
40. Kd4 Kc7 41. Rg6 Kd8 42. Kc5 Re7 43. Rxa6 Rxe4 44. Rg6 Re5+ 45. Kc6 Re3 46.
Rg3 Re7 47. Kxb5 Kc7 48. Rg6 Kb7 49. Ka5 Ka7 50. b5 Kb7 51. a4 Ka7 52. h4 Kb7
53. h5 Ka7 54. Rg4 Kb7 55. Kb4 Kb6 56. a5+ Kb7 57. a6+ Kb8 58. Rg6 Ka8 59. Kc5
Kb8 60. Kb6 Rb7+ 61. Kc5 Re7 62. Rd6 Kc8 63. Kb6 1-0